000 00736nam a2200229Ia 4500
005 20230509105905.0
008 210716s2008 xx 000 0 und d
020 _a9788126513048
040 _cAIMIT LIBRARY
041 _aeng
082 _a004.607
_23
_bWILP
100 _aWilton, Paul.
_9100480
245 _aBeginning javascript /
_cBy Paul Wilton and Jeremy McPeak.
250 _a3rd ed.
260 _aNew Delhi :
_bWiley India Pvt Ltd ,
_c2008.
300 _axxii,767p. ;
_bPB
_c23 cm.
650 _aIntroduction to javascript and the web
_9100481
650 _aDecisions loops and functions
_9100482
650 _aProgramming the browser
_9100483
700 _aMcPeak, Jeremy.
_9100484
942 _2ddc
_cBK
_e3rd
_k004.607 WILP
999 _c190552
_d190552